000 00363nam a2200133Ia 4500
008 240624s9999 xx 000 0 und d
041 _aeng
082 _a658.4033 KHA
100 _aKHANNA R B
245 _aQUANTITATIVE TECHNIQUES FOR MANAGERIAL D
260 _c2008
_aNew Delhi
_bPrentice-Hall of India
300 _axii, : 451 : p. : cm. ; 23
365 _cRS
_b36
999 _c10776
_d10776